| 000 | nam a22 a 4500 | ||
|---|---|---|---|
| 999 |
_c864 _d864 |
||
| 005 | 20170505151643.0 | ||
| 008 | 170505b1980 my ||||| |||| 00| 0 may d | ||
| 040 | _aAKMAL | ||
| 082 | _a297.1 HAR | ||
| 090 |
_a297.1 _bHAR |
||
| 100 |
_aHARAS M. H. _91853 |
||
| 245 | _aSyarak Aqidah Wastiah | ||
| 300 |
_a114ms _c24cm |
||
| 650 |
_aReligion _91854 |
||
| 942 |
_2ddc _cBOOK |
||